Pójdźmy wszyscy do stajenki – tekst - Statystyki

Ogólne statystyki
  • Ten quiz został rozwiązany 146 razy
  • Średni wynik to 39 z 63
Statystyki odpowiedzi
Część piosenki Tekst % Poprawnych
Zwrotka 3 w
100%
Zwrotka 3 w
100%
Zwrotka 1 do
99%
Zwrotka 1 do
99%
Zwrotka 1 stajenki
99%
Zwrotka 1 Pójdźmy
98%
Zwrotka 1 wszyscy
98%
Zwrotka 1 i
97%
Zwrotka 1 i
97%
Zwrotka 2 Jezu
97%
Zwrotka 4 Jezu
97%
Zwrotka 1 Panienki
96%
Zwrotka 1 Jezusa
95%
Zwrotka 1 Powitajmy
93%
Zwrotka 1 Jego
92%
Zwrotka 1 Maryję
92%
Zwrotka 1 Matkę
92%
Zwrotka 1 Maleńkiego
91%
Zwrotka 2 ukochany
79%
Zwrotka 2 Witaj
79%
Zwrotka 3 Witaj
79%
Zwrotka 4 Witaj
79%
Zwrotka 4 witaj
79%
Zwrotka 2 od
74%
Zwrotka 2 Od
74%
Zwrotka 2 od
74%
Zwrotka 3 z
71%
Zwrotka 4 z
71%
Zwrotka 4 z
71%
Zwrotka 2 Proroków
68%
Zwrotka 2 narodów
63%
Zwrotka 2 ogłoszony
62%
Zwrotka 2 upragniony
61%
Zwrotka 3 żłobie
61%
Zwrotka 3 Tobie
59%
Zwrotka 3 Boga
57%
Zwrotka 2 czekany
56%
Zwrotka 3 Dzieciąteczko
54%
Zwrotka 3 się
54%
Zwrotka 3 wyznajemy
54%
Zwrotka 3 narodził
51%
Zwrotka 3 nas
51%
Zwrotka 3 Coś
49%
Zwrotka 3 nocy
49%
Zwrotka 3 tej
49%
Zwrotka 3 czarta
46%
Zwrotka 3 mocy
46%
Zwrotka 2 Patriarchów
46%
Zwrotka 3 wyrwał
43%
Zwrotka 3 byś
41%
Zwrotka 4 a
28%
Zwrotka 4 nam
26%
Zwrotka 4 narodzony
19%
Zwrotka 4 wieków
19%
Zwrotka 4 zjawiony
19%
Zwrotka 4 przed
16%
Zwrotka 4 wiekiem
16%
Zwrotka 4 człowiekiem
15%
Zwrotka 4 dwakroć
13%
Zwrotka 4 Ojca
13%
Zwrotka 4 teraz
13%
Zwrotka 4 matki
12%
Zwrotka 4 Raz
12%
Nie znaleziono quizów pasujących do podanych kryteriów
Rozkład punktacji
Procent ludzi z każdym wynikiem
Percentyl według liczby udzielonych odpowiedzi
Twoja historia wyników
Nie rozwiązałeś tego quizu